000 00374nam a2200109Ia 4500
008 171204s9999 xx 000 0 und d
245 4 _aThe Strategic Leader's Roadmap: 6 Steps for Integrating Leadership and Strategy
245 _cHarbir Singh and Michael Useem
260 _c2016
650 _xSTRATEGIC MANAGEMENT
856 _uhttp://down.ebook777.com/050/9781613630778.pdf
999 _c347067
_d347067